| 000 | 01002nam a2200265 i 4500 | ||
|---|---|---|---|
| 001 | 75484 | ||
| 003 | ES-MaACL | ||
| 005 | 20230906172455.0 | ||
| 007 | t| | ||
| 008 | 141112s2014 sp a ||||1| spa d | ||
| 020 | _a978-84-15027-50-8 | ||
| 080 | _a27-528(043.2) | ||
| 100 | 1 |
_aFernández Carranza, Antonio. _9155878 |
|
| 245 | 1 | 0 |
_aEcce lignum crucis : _bvenite, adoremus : el lenguaje ritual : principio interpretativo de la teología litúrgica del oficio romano de la Pasión del Señor / _cAntonio Fernández Carranza. |
| 260 |
_aMadrid : _bEdiciones Universidad de San Dámaso, _c2014. |
||
| 300 |
_a617 p. ; _c23 cm. |
||
| 490 | 1 |
_aDissertationes theologicae ; _v14 |
|
| 502 | _aTesis--Universidad de San Damásco, 2014. | ||
| 504 | _aBibliografía: p. 15-45. Índice. | ||
| 546 | _aTextos en español, griego y latín. | ||
| 650 | 0 | 4 |
_aLiturgia de las horas. _914684 |
| 830 | 0 |
_aDissertationes theologicae ; _v14 _9231255 |
|
| 852 |
_aES-MaACL _jN-6314 |
||
| 999 |
_c75484 _d75484 |
||